Top 30 des meilleurs clubs de foot - Statistiques

Statistiques générales
  • Ce quiz a été pris 475 fois
  • Le résultat moyen est 21 sur 30
Statistiques - réponses
Nationalité Club % Correct
Espagnol 🇪🇸 Réal Madrid
98%
Anglais 🏴󠁧󠁢󠁥󠁮󠁧󠁿 Manchester City
97%
Français 🇫🇷 Paris Saint Germain
97%
Allemand 🇩🇪 Bayern Munich
96%
Espagnol 🇪🇸 FC Barcelone
94%
Italien 🇮🇹 Inter Milan
93%
Italien 🇮🇹 Juventus Turin
92%
Anglais 🏴󠁧󠁢󠁥󠁮󠁧󠁿 Liverpool
91%
Italien 🇮🇹 AC Milan
89%
Allemand 🇩🇪 Borussia Dortmund
89%
Espagnol 🇪🇸 Atletico Madrid
87%
Anglais 🏴󠁧󠁢󠁥󠁮󠁧󠁿 Manchester United
87%
Portugais 🇵🇹 FC Porto
82%
Anglais 🏴󠁧󠁢󠁥󠁮󠁧󠁿 Chelsea
81%
Néerlandais 🇳🇱 Ajax Amsterdam
74%
Anglais 🏴󠁧󠁢󠁥󠁮󠁧󠁿 Arsenal
74%
Italien 🇮🇹 AS Roma
73%
Espagnol 🇪🇸 Séville FC
67%
Allemand 🇩🇪 Bayer Leverkusen
65%
Portugais 🇵🇹 Benfica Lisbonne
55%
Italien 🇮🇹 Napoli
54%
Ecossais 🏴󠁧󠁢󠁳󠁣󠁴󠁿 Glasgow Rangers
52%
Allemand 🇩🇪 RB Leipzig
49%
Italien 🇮🇹 Atalanta BC
41%
Belge 🇧🇪 FC Bruges
41%
Néerlandais 🇳🇱 Feyenoord
37%
Espagnol 🇪🇸 Villareal CF
36%
Espagnol 🇪🇸 Real Sociedad
34%
Anglais 🏴󠁧󠁢󠁥󠁮󠁧󠁿 West Ham United
28%
Allemand 🇩🇪 Francfort
24%
Aucun quiz correspondant
Distribution des résultats
% des personnes avec chaque résultat
Percentile par nombre de réponses
Votre historique - résultats
Vous n’avez pas pris ce quiz